00530nam a2200181 a 45000010010000000030011000100080041000210350026000620820012000881000017001002450035001172600045001526500014001979420012002119520090002239980020003139990015003330000-8833ELIB.Books110520 1976  a(ELIB.Books)0000-8979 aB bVin aVins, Georgi aThree Generations of Suffering bLondon: Hodder and Stoughton Ltd. c1976 aBiography 2ddccBK 00102ddc4070aKBTSbKBTSd2011-05-20l0p2578r2022-01-22 00:00:00w2022-01-22yBK cbate2011-05-20 c8833d8833